Statistiken für Die flächengrößte Länder in Amerika

Klicken Sie hier um das Quiz zu spielen!

Allgemein

  • Dieses Quiz wurde 282 mal gespielt
  • Das Durchschnittsergebnis liegt bei 10 aus 10

Antwortstatistiken

Fläche (km²)Land% Korrekt
9 984 670Kanada
99%
2 780 400Argentinien
98%
8 515 767Brasilien
98%
1 964 375Mexiko
98%
9 525 067Vereinigte Staaten
98%
1 141 748Kolumbien
94%
1 285 216Peru
94%
916 445Venezuela
93%
756 102Chile
91%
1 098 581Bolivien
90%

Verteilung der Resultate

Perzentil nach korrekt beantworteten Fragen

Anzahl Personen mit jedem Resultat

Ihre Resultats-Entwicklung

Sie haben dieses Quiz noch nicht gespielt